LEADER 01060nam0 2200265 450 001 000037876 005 20250423133736.0 010 $a88-14-09378-4 100 $a20250423d2001----km-y0itay50------ba 101 0 $aita 102 $aIT 105 $ay-------001yy 200 1 $a<>sviluppo dei sistemi di produzione locale in ottica economico-aziendale$eruolo, modelli di governo e cultura imprenditoriale per la piccola impresa$fMarcantonio Ruisi 210 $aMilano$cGiuffrè$d2001 215 $a130 p.$d23 cm 225 2 $aCollana di studi economico-aziendali$fCentro universitario studi aziendali$v36 410 0$12001$aCollana di studi economico-aziendali 610 1 $aProduzione$aPiccole imprese$aSviluppo economico 676 $a338.642$v23$9PICCOLE IMPRESE 700 1$aRuisi,$bMarcantonio$0289886 801 0$aIT$bUNIPARTHENOPE$c20250423$gREICAT$2UNIMARC 912 $a000037876 951 $aDISAE 515/35$b7501 ex St.Az.$cNAVA2 996 $aSviluppo dei sistemi di produzione locale in ottica economico-aziendale$9749304 997 $aUNIPARTHENOPE